Practical geometry and engineering graphics, (Record no. 543866)

000 -LEADER
fixed length control field 00561cam a22001692 4500
082 ## - DEWEY DECIMAL CLASSIFICATION NUMBER
Classification number 516.22
Author Mark ABB
-- L-2, P-16
100 1# - MAIN ENTRY--PERSONAL NAME
Personal name Abbott, W.
9 (RLIN) 39365
245 10 - TITLE STATEMENT
Title Practical geometry and engineering graphics,
Statement of responsibility, etc. a textbook for engineering students by W. Abbott ...
250 ## - EDITION STATEMENT
Edition statement 4th ed.
260 ## - PUBLICATION, DISTRIBUTION, ETC.
Place of publication, distribution, etc. London,
-- Glasgow,
Name of publisher, distributor, etc. Blackie & son limited
Date of publication, distribution, etc. c1947
300 ## - PHYSICAL DESCRIPTION
Extent 326 p.
Other physical details diagrs.
Dimensions 23 cm.
526 ## - STUDY PROGRAM INFORMATION NOTE
Program name 0
Interest level 0
Reading level 0
Title point value 516_220000000000000_ABB
650 #0 - SUBJECT ADDED ENTRY--TOPICAL TERM
Topical term or geographic name entry element Engineering graphics.
9 (RLIN) 7938
650 #0 - SUBJECT ADDED ENTRY--TOPICAL TERM
Topical term or geographic name entry element Geometry, Descriptive.
9 (RLIN) 39366
650 #0 - SUBJECT ADDED ENTRY--TOPICAL TERM
Topical term or geographic name entry element MCE
9 (RLIN) 379
942 ## - ADDED ENTRY ELEMENTS (KOHA)
Source of classification or shelving scheme
Koha item type Book
Holdings
Withdrawn status Lost status Source of classification or shelving scheme Damaged status Not for loan Permanent Location Current Location Date acquired Total Checkouts Full call number Barcode Date last seen Price effective from Koha item type
          Military College of Engineering (MCE) Military College of Engineering (MCE) 04/04/2014   516.22 ABB MCE-30176 04/04/2014 04/04/2014 Book
© 2023 Central Library, National University of Sciences and Technology. All Rights Reserved.